El mito del eterno retorno (Record no. 211163)

MARC details
000 -CABECERA
campo de control de longitud fija 00937nam a22002777a 4500
003 - IDENTIFICADOR DEL NÚMERO DE CONTROL
campo de control MX-MxUPN
005 - FECHA Y HORA DE LA ÚLTIMA TRANSACCIÓN
campo de control 20240925065307.0
008 - ELEMENTOS DE LONGITUD FIJA--INFORMACIÓN GENERAL
campo de control de longitud fija 240426t1985 mx ||||gr|||| 001 0 spa d
020 ## - NÚMERO INTERNACIONAL NORMALIZADO PARA LIBROS
Número Internacional Estándar del Libro 9682201969
040 ## - FUENTE DE LA CATALOGACIÓN
Centro catalogador/agencia de origen MX-MxUPN
Lengua de catalogación spa
Centro/agencia transcriptor MX-MxUPN
041 ## - CÓDIGO DE IDIOMA
Código de lengua del texto/banda sonora o título independiente spa
Código de lengua original fre
050 04 - SIGNATURA TOPOGRÁFICA DE LA BIBLIOTECA DEL CONGRESO
Número de clasificación BD701
Número de documento/Ítem E558 1985
100 1# - ASIENTO PRINCIPAL--NOMBRE PERSONAL
Nombre de persona Eliade, Mircea,
Fechas asociadas al nombre 1907-1986
9 (RLIN) 33710
240 13 - TÍTULO UNIFORME
Título uniforme Le mythe de l'eternel retour : archétypes et répétitions.
Lenguaje de la obra Español
245 13 - MENCIÓN DE TÍTULO
Título El mito del eterno retorno
260 ## - PUBLICACIÓN, DISTRIBUCIÓN, ETC.
Lugar de publicación, distribución, etc. México, D.F :
Nombre del editor, distribuidor, etc. Origen :
-- Planeta,
Fecha de publicación, distribución, etc. ©1985.
300 ## - DESCRIPCIÓN FÍSICA
Extensión ix, 164 páginas
490 0# - MENCIÓN DE SERIE
Mención de serie Obras maestras del pensamiento contemporáneo ;
Designación de volumen o secuencia 24
504 ## - NOTA DE BIBLIOGRAFÍA, ETC.
Nota de bibliografía, etc. Incluye índice y bibliografía.
650 #4 - ASIENTO SECUNDARIO DE MATERIA - TERMINO TEMATICO
Término de materia o nombre geográfico como elemento de entrada Religión
9 (RLIN) 8129
650 #4 - ASIENTO SECUNDARIO DE MATERIA - TERMINO TEMATICO
Término de materia o nombre geográfico como elemento de entrada Mitología
9 (RLIN) 9786
650 #4 - ASIENTO SECUNDARIO DE MATERIA - TERMINO TEMATICO
9 (RLIN) 51843
Término de materia o nombre geográfico como elemento de entrada Historia
Subdivisión general Aspectos religiosos
700 1# - ASIENTO SECUNDARIO--NOMBRE DE PERSONAL
9 (RLIN) 51842
Nombre de persona Anaya, Ricardo
Término indicativo de función/relación traducción
902 ## - ELEMENTOS DE DATOS B LOCAL, LDB (RLIN)
Creó Daniela Badillo 26-04-24
Modificó MaríaRobles/060524
942 ## - ELEMENTOS DE PUNTO DE ACCESO ADICIONAL (KOHA)
Fuente del sistema de clasificación o colocación Library of Congress Classification
Tipo de ítem Koha Libro
Suprimir en OPAC No
Holdings
Estado de retiro Estado de pérdida Fuente del sistema de clasificación o colocación Estado dañado No para préstamo Código de colección Localización permanente Ubicación/localización actual Ubicación en estantería Fecha de adquisición Clasificación Fecha visto por última vez Precio válido a partir de Tipo de ítem Koha
    Library of Congress Classification     Colección General Bib. Gregorio Torres Quintero Bib. Gregorio Torres Quintero Planta baja 26/04/2024 BD701 E558 1985 26/04/2024 26/04/2024 Libro